ბათუმის შოთა რუსთაველის სახელმწიფო უნივერსიტეტის ბიბლიოთეკა

კავკასიის ხალხები / (ბიბ.ჩანაწერი № 59836)

000 -ლიდერი
ფიქსირებული სიგრძის საკონტროლო ველი 01240nam a22002177a 4500
003 - საკონტროლო ნომრის იდენტიფიკატორი
საკონტროლო ველი Ge_BSU
005 - ბოლო ოპერაციის თარიღი და დრო
საკონტროლო ველი 20230426145335.0
008 - ფიქსირებული სიგრძის მონაცემთა ელემენტები - ზოგადი ინფორმაცია
ფიქსირებული სიგრძის საკონტროლო ველი 230426s2011ge xxu||||| |||| 00| 0 geo d
041 ## - ენის კოდი
Language code of text/sound track or separate title geo
080 ## - უნივერსალური ათობითი კლასიფიკაციის ინდექსი
Universal Decimal Classification number 39(=351)+94(479) რ-79
100 ## - მთავარი ჩანაწერი - პიროვნების სახელი
Personal name რომმელი, დიტრიხ-კრისტოფ ფონ, ავტორი
9 (RLIN) 17817
245 ## - ცნობა სათაურის შესახებ
Title კავკასიის ხალხები /
Statement of responsibility, etc დიტრიხ-კრისტოფ ფონ რომმელი ; [თარგმანი გერმ. ნ. გიოშვილის ; რედ. ლია მელიქიშვილი]
264 ## - წარმოების, გამოცემის, დისტრიბუციის და სხვა ცნობები
გამოცემის, წარმოების, დისტრიბუციის... ადგილი თბილისი,
გამოცემის, წარმოების, დისტრიბუციის... თარიღი 2011.
300 ## - ფიზიკური აღწერა
Extent 108 გვ. :
Other physical details სურ. ;
Dimensions 20 სმ.
653 ## - INDEX TERM--UNCONTROLLED
Uncontrolled term კავკასიის ხალხების ეთნოგრაფია.
653 ## - INDEX TERM--UNCONTROLLED
Uncontrolled term კავკასიის ისტორია.
700 ## - ADDED ENTRY--PERSONAL NAME
Personal name გიოშვილი, ნ
Relator term მთარგმნელი
9 (RLIN) 17818
700 ## - ADDED ENTRY--PERSONAL NAME
Personal name მელიქიშვილი, ლია
Relator term რედაქტორი
9 (RLIN) 159
710 ## - ADDED ENTRY--CORPORATE NAME
Corporate name or jurisdiction name as entry element საქ. მეცნ. ეროვნ. აკად., საქ. ისტ. წყაროების კომისია.
9 (RLIN) 17819
942 ## - ADDED ENTRY ELEMENTS (KOHA)
Source of classification or shelving scheme
Koha item type წიგნი
ეგზემპლარები
ჩამოწერის სტატუსი დაკარგული ეგზემპლარის სტატუსი კლასიფიკაციის წყარო ან თაროზე გაწყობის სქემა დაზიანების სტატუსი არ გაიცემა მუდმივი მდებარეობა (დაცვის ადგილი) ამჟამინდელი ადგილსამყოფელი თაროზე განთავსების ადგილი შეძენის თარიღი ღირებულება, შესყიდვის ნორმალური ფასი სრული შენახვის შიფრი შტრიხკოდი ბოლო ოპერაციის თარიღი ეგზემპლარის მიმდევრობითი ნომერი (კეტერი?) Uniform Resource Identifier ფასის ძალაში შესვლის თარიღი ეგზემპლარის სახეობა საჯარო შენიშვნა
          ბათუმის შოთა რუსთაველის სახელმწიფო უნივერსიტეტის მთავარი ბიბლიოთეკა ბათუმის შოთა რუსთაველის სახელმწიფო უნივერსიტეტის მთავარი ბიბლიოთეკა წიგნსაცავი 2023-04-26 5.00 39(=351)+94(479) რ-79 64312 2023-04-26 64312 ბსუ-ს საპატიო დოქტორის გურამ ლორთქიფანიძის საჩუქარი 2023-04-26 წიგნი 5.00